Diversity and evolution of land plants
| Main Author: | |
|---|---|
| Format: | Book |
| Published: |
London :
Chapman & Hall ,
1992
|
| Subjects: |
MARC
| LEADER | 00000cam a2200000 7i4500 | ||
|---|---|---|---|
| 001 | 0000001961 | ||
| 005 | 20020716.0 | ||
| 020 | 0 | 0 | |a 0412442302 |
| 090 | 0 | 0 | |a R580 |b ING 1992 |
| 100 | 1 | 0 | |a INGROUILLE |h Martin |
| 245 | 1 | 0 | |a Diversity and evolution of land plants |c Martin Ingrouille |
| 260 | 0 | 0 | |a London : |b Chapman & Hall , |c 1992 |
| 300 | |a 340 p. : |b ill. ; |c 25 cm. | ||
| 500 | 0 | 0 | |a Includes bibliography : p. 316-326 and index |
| 650 | 0 | 0 | |a Plants |
| 998 | |a JPSM | ||
| 999 | |a 0000000662 |b Monograph |c Reference |e Default branch | ||